| 000 | 00391nam a22001577a 4500 | ||
|---|---|---|---|
| 005 | 20231106103352.0 | ||
| 008 | 231106b |||||||| |||| 00| 0 eng d | ||
| 041 | _aEnglish | ||
| 082 | _a346.5 WIL | ||
| 100 | _lEnglish | ||
| 245 | _aWills and Estates | ||
| 260 | _c2009 | ||
| 300 |
_b39 pages ; _c30 cm. |
||
| 650 |
_aLegal practice _bLaw |
||
| 942 |
_cBK _6ALISON_BN_VRIES |
||
| 999 |
_c309 _d309 |
||